Creating breakthrough ideas : the collaboration of anthropologists and designers in the product development industry

Αποθηκεύτηκε σε:
Λεπτομέρειες βιβλιογραφικής εγγραφής
Άλλοι συγγραφείς: Squires, Susan E. (Susan Elaine) (Επιμελητής έκδοσης), Byrne, Bryan 1963- (Επιμελητής έκδοσης)
Μορφή: Βιβλίο
Γλώσσα:English
Δημοσίευση: Westport, Conn. : Bergin & Garvey, c2002
Θέματα:
Ετικέτες: Προσθήκη ετικέτας
Δεν υπάρχουν, Καταχωρήστε ετικέτα πρώτοι!

MARC

LEADER 00000nam a2200000 i 4500
001 1/80691
008 080407s2002 eng d
020 |a 0-89789-682-3 
035 |l 10096279 
040 |a GR-MY-UA  |b gre  |e aacr 
041 0 |a eng 
082 0 |a 658.575  |2 (22) 
245 1 0 |a Creating breakthrough ideas :  |b the collaboration of anthropologists and designers in the product development industry /  |c edited by Susan Squires and Bryan Byrne ; foreword by John F. Sherry 
260 |a Westport, Conn. :   |b Bergin & Garvey,   |c c2002 
300 |a xviii, 239 σ.;  |b εικ.;  |c 24 εκ. 
504 |a Περιλαμβάνει βιβλιογραφίες και ευρετήριο. 
650 0 0 |a Manufacturing processes. 
650 0 0 |a Industrial design. 
700 1 |a Squires, Susan E.  |q (Susan Elaine)  |4 edt 
700 1 |a Byrne, Bryan  |d 1963-  |4 edt 
852 |a INST  |b SYROS  |e 20080407  |h 658.575 CRE  |p 005500006190  |q 005500006190  |t BK  |y 0 
901 |a BIBL5-2008-1 
909 |a Ε  |b 139907 
922 |a 5ΕΛΗ  |b 200710  |c ΕΠΕΑΕΚ2/ΤΜΣΠΣ  |d ΠΑΠΑΣΩΤΗΡΙΟΥ 
970 |a ΚΑΓΙΑΒΑ  |b EΙΡΗΝΗ  |z 2008/04/07